| 000 | 00564nam a22002171a 4500 | ||
|---|---|---|---|
| 001 | 3397 | ||
| 003 | OSt | ||
| 005 | 20260204211848.0 | ||
| 008 | 040901s2002||||ck ||||||b||||||||||spa|| | ||
| 020 | _a9706861791 | ||
| 050 | _a658 H369a | ||
| 082 | _a658 H369a | ||
| 100 | _aHellriegel, Don | ||
| 245 | _aAdministración: Un enfoque basado en competencia / Hellriegel, Susan E. Jackson | ||
| 250 | _a9 | ||
| 264 | _aColombia : Thomson | ||
| 300 | _a602 p | ||
| 650 | _a1.Administración | ||
| 700 | _aJackson, Susan E. II.Slocum, John W.Ì | ||
| 942 |
_2ddc _cBK |
||
| 999 |
_c3397 _d3397 |
||